• 首页
  • 本馆介绍
  • 公告通知
  • 最新文献
  • 馆藏检索
  • 电子资源
  • 读者导购
  • 参考咨询
  • 我的图书馆
  • 登录
  • 详细信息显示
  • 放入我的书架
  • 预约/预借图书
  • 作者相关作品
  • 分类相关作品
  • 丛书相关作品
  • 出版社相关作品

书目信息

  • 表格格式
  • 工作单格式
  • 卡片格式
题名:
一九九八年的导弹战争
    
 
作者: 土井宽 著 ;洪科 译
分册:  
出版信息: 北京   世界知识出版社  1981
页数: 292页
开本: 19cm
丛书名:
单 册:
中图分类: E927
科图分类:
主题词: 武器--军事技术 , 军用器材--军事技术
电子资源:
ISBN:
000 00730nam0 2200229 45
001 0404241315
005 20060819144551.90
010    @dCNY0.94
091    @a5003.501
100    @a20040424d1981 km y0chiy0120 ea
101 0  @achi@cjpn
200 1  @a一九九八年的导弹战争@AYi Jiu Jiu Ba Nian De Dao Dan Zhan Zheng@e各国导弹发展概况@EGe Guo Dao Dan Fa Zhan Gai Kuang@f(日)土井宽著@F(Ri)Tu Jing Kuan Zhu@g洪科译
210    @a北京@c世界知识出版社@d1981
215    @a292页@d19cm
517    @a各国导弹发展概况@AGe Guo Dao Dan Fa Zhan Gai Kuang
606 0  @a武器@x军事技术
606 0  @a军用器材@x军事技术
690    @aE927@v3
701  0 @a土井宽@4著
702  0 @a洪科@AHong Ke@4译
801    @aCN@bTSTCL@c20060819
905    @dE927@e1
    
    一九九八年的导弹战争:各国导弹发展概况/(日)土井宽著/洪科译.-北京:世界知识出版社,1981
    292页;19cm
    
    
    ISBN :CNY0.94
    
●
相关链接 在E读中查询图书 在五车中查询图书 在当当中查询图书 在豆瓣中查询图书


正题名:一九九八年的导弹战争     索取号:E927/1         预约/预借

序号 登录号 条形码 馆藏地/架位号 状态 备注
1 0040850   202361755   密集书库/ [索取号:E927/1] 在馆    
2 0040851   001264688   第一样本阅览室/ [索取号:E927/1] 在馆    
3 0040852   001264697   第一借阅区/ [索取号:E927/1] 在馆    
4 0441031   204410315   密集书库/ [索取号:E927/1] 在馆    
5 0471066   204710660   密集书库/ [索取号:E927/1] 在馆    
唐山师范学院图书馆 欢迎您!
大连网信软件有限公司© 版权所有